[Event "AUTO-ADV-2050"]
[Site "http://www.queenalice.com/game.php?id=891552"]
[Date "2011.1.26"]
[Round "1"]
[White "carlos31"]
[Black "joaoreis001"]
[Result "1/2-1/2"]
[WhiteElo "1889"]
[BlackElo "1685"]

1. d4 e6 2. e4 Nf6 3. Bg5 Be7 4. Nc3 h6 5. Bh4 O-O 6. Bd3 g5 7. Bg3 d5 8. e5
Nfd7 9. Qh5 Kg7 10. h4 Rh8 11. Nf3 Nc6 12. hxg5 hxg5 13. Qxh8+ Qxh8 14. Rxh8
Kxh8 15. O-O-O Nf8 16. Rh1+ Kg7 17. Rh5 f6 18. exf6+ Bxf6 19. Nxg5 Bxg5+ 20.
Rxg5+ Kf7 21. Nb5 a6 22. Nxc7 Ra7 23. c3 b5 24. Kd2 b4 25. Ke3 Ne7 26. cxb4 Nf5+
27. Bxf5 exf5 28. Nxd5 Ng6 29. a4 Rb7 30. Kd3 Be6 31. Kc3 Bxd5 32. Rxf5+ Ke6 33.
Rh5 Bxg2 34. f4 Rf7 35. Rh2 Bd5 36. Rf2 Kf5 37. Bh2 Rc7+ 38. Kd3 Be4+ 39. Ke3
Rc2 40. Rxc2 Bxc2 41. a5 Be4 42. b3 Bd5 43. b5 axb5 44. b4 Nf8 45. Bg3 Ne6 46.
Bh2 Kg4 47. a6 Kh3 48. Bg1 Kg4 49. Bh2 Bf3 50. f5 Ng5 51. f6 Bd5 52. Bf4 Nh7 53.
f7 Kf5 54. a7 Ke6 55. Bb8 Kxf7 56. Kf4 Ke6 57. Be5 Nf8 58. Kg5 Kd7 59. Kf6 Ne6
60. Kf5 Kc8 61. Kf6 Kb7 62. Bb8 Nxd4 63. Ke5 Nc6+ 64. Kxd5 Ne7+ 65. Kc5 Nc6 66.
Kxb5 Ka8 67. Kc5 Nxb4 68. Kxb4 Kb7 69. Kc5 Ka8 70. Kc6 1/2-1/2

[Event "AUTO-ADV-2050"]
[Site "http://www.queenalice.com/game.php?id=891553"]
[Date "2011.1.26"]
[Round "1"]
[White "joaoreis001"]
[Black "carlos31"]
[Result "0-1"]
[WhiteElo "1764"]
[BlackElo "1878"]

1. d4 e6 2. e4 d5 3. e5 g6 4. b3 Nh6 5. h3 Nc6 6. Be3 Nf5 7. Qd2 h5 8. Nc3 Bb4
9. a3 Ba5 10. Bb5 Bd7 11. b4 Bb6 12. Nf3 f6 13. O-O-O Qe7 14. g4 hxg4 15. exf6
Qxf6 16. Bg5 Qg7 17. Ne5 Nxe5 18. dxe5 Rxh3 19. Bf6 Qh7 20. Bxd7+ Kxd7 21. Nxd5
Ke8 22. Nf4 Rxh1 23. Rxh1 Qxh1+ 24. Kb2 Bd4+ 25. c3 Bxc3+ 26. Qxc3 Qc6 27. Nxg6
Qxc3+ 28. Kxc3 Kf7 29. Nf4 b5 30. Kd3 a5 31. Kc3 c6 32. Nd3 Ne7 33. Nc5 axb4+
34. Kxb4 Nd5+ 35. Kb3 Nxf6 36. exf6 Kxf6 37. Ne4+ Ke5 38. Nc5 Kf5 39. Nd3 e5 40.
Kb4 e4 41. Ne1 Kf4 42. Kc5 Rxa3 43. Kb4 Ra1 44. Nc2 Ra2 45. Nd4 Ra4+ 46. Kc5
Rxd4 47. Kxd4 Kf3 48. Kc5 Kxf2 49. Kb4 e3 50. Kc5 e2 51. Kb4 e1=Q+ 52. Kc5 Qe4
53. Kd6 g3 54. Kc5 g2 55. Kd6 g1=Q 56. Kd7 Qg7+ 57. Kd6 Qge7# 0-1

[Event "AUTO-ADV-2050"]
[Site "http://www.queenalice.com/game.php?id=891554"]
[Date "2011.1.26"]
[Round "1"]
[White "carlos31"]
[Black "luizimbroisi"]
[Result "1-0"]
[WhiteElo "1912"]
[BlackElo "2025"]

1. d4 d5 2. c4 dxc4 3. e4 b5 4. Nc3 a6 5. Nf3 Bb7 6. b4 Nc6 7. a3 Nf6 8. d5 Nb8
9. a4 e5 10. axb5 Bxb4 11. Qc2 Nxe4 12. Bb2 axb5 13. Qxe4 O-O 14. Be2 Bxd5 15.
Qxe5 Bxf3 16. gxf3 Rxa1+ 17. Bxa1 c6 18. Kf1 Re8 19. Qg3 Qf6 20. f4 Bd6 21. Rg1
Bxf4 22. Qf3 b4 23. Bxc4 bxc3 24. Bxc3 Be5 25. Qxf6 Bxf6 26. Bxf6 g6 27. Be2 Nd7
28. Bc3 c5 29. Bb5 Re7 30. Bxd7 Rxd7 31. Ke2 c4 32. Ra1 f5 33. Rd1 Rb7 34. Rd4
Rc7 35. Kf3 h6 36. Kf4 Kf7 37. h4 Ke6 38. f3 Rc6 39. Rd8 Rd6 40. Rxd6+ Kxd6 41.
h5 gxh5 42. Kxf5 Kd5 43. f4 Kd6 44. Ke4 h4 45. f5 Ke7 46. f6+ 1-0

[Event "AUTO-ADV-2050"]
[Site "http://www.queenalice.com/game.php?id=891555"]
[Date "2011.1.26"]
[Round "1"]
[White "luizimbroisi"]
[Black "carlos31"]
[Result "0-1"]
[WhiteElo "2020"]
[BlackElo "1904"]

1. e4 c5 2. Nf3 g6 3. Bc4 Bg7 4. Nc3 Bxc3 5. dxc3 Nf6 6. Bh6 Rg8 7. Ng5 e6 8. e5
Nh5 9. g4 Nf4 10. Qf3 f6 11. Nxh7 fxe5 12. Bg5 Qc7 13. Nf6+ Kf7 14. Nxg8 Kxg8
15. Qe4 d5 16. Qf3 dxc4 17. O-O-O Bd7 18. Qe4 Bc6 19. Qxc4 Bd5 20. Qa4 Nc6 21.
Rhe1 Kf7 22. Re3 c4 23. b3 cxb3 24. axb3 a6 25. c4 Bg2 26. Rg3 Ne2+ 27. Kb1 Nc3+
0-1

[Event "AUTO-MASTER-1334"]
[Site "http://www.queenalice.com/game.php?id=894115"]
[Date "2011.2.1"]
[Round "1"]
[White "Herivelto"]
[Black "carlos31"]
[Result "0-1"]
[WhiteElo "1864"]
[BlackElo "1891"]

1. Nf3 Nf6 2. c4 c5 3. g3 Nc6 4. Bg2 e5 5. Ng5 Ng4 6. d3 Be7 7. Ne4 d6 8. Nbc3
O-O 9. O-O f5 10. Nd2 f4 11. Nde4 fxg3 12. fxg3 Bf5 13. e3 Bg5 14. Nd5 Bxe4 15.
Rxf8+ Qxf8 16. Bxe4 Qf2+ 0-1

[Event "AUTO-MASTER-1334"]
[Site "http://www.queenalice.com/game.php?id=894116"]
[Date "2011.2.1"]
[Round "1"]
[White "carlos31"]
[Black "Herivelto"]
[Result "1-0"]
[WhiteElo "1880"]
[BlackElo "1863"]

1. d4 Nf6 2. Nc3 e6 3. e4 Bb4 4. e5 Nd5 5. Bd2 Nc6 6. Nxd5 Bxd2+ 7. Qxd2 exd5 8.
Bb5 O-O 9. Bxc6 bxc6 10. Nf3 d6 11. O-O dxe5 12. Nxe5 Qd6 13. Rfe1 Bf5 14. Qc3
Rfe8 15. Nxc6 Re6 16. Re5 Rxe5 17. dxe5 Qe6 18. f4 a6 19. Nd4 Qb6 20. Kh1 Be4
21. Nc6 Re8 22. a4 Re6 23. Nd4 Rg6 24. Rg1 c5 25. a5 cxd4 26. Qc8+ 1-0

[Event "AUTO-MASTER-1334"]
[Site "http://www.queenalice.com/game.php?id=894127"]
[Date "2011.2.1"]
[Round "1"]
[White "technicaldraw"]
[Black "carlos31"]
[Result "1-0"]
[WhiteElo "1983"]
[BlackElo "1933"]

1. e4 c5 2. Nf3 Nc6 3. d4 cxd4 4. Nxd4 Nxd4 5. Qxd4 Qc7 6. c4 e5 7. Qd1 Nf6 8.
Bd3 Bc5 9. O-O O-O 10. Bg5 Qb6 11. Bxf6 gxf6 12. b3 Bd4 13. Nd2 Bxa1 14. Qxa1
Kh8 15. Kh1 Rg8 16. Nf3 d6 17. Qc1 Bh3 18. gxh3 Rg6 19. Qd2 Rag8 20. Rg1 Rxg1+
21. Nxg1 f5 22. exf5 Qc6+ 23. f3 Rxg1+ 24. Kxg1 Qxf3 25. h4 Qg4+ 26. Qg2 Qxh4
27. Qg3 Qd4+ 28. Kg2 e4 29. Be2 Qd2 30. Qf2 e3 31. Qf3 f6 32. Kg3 a5 33. a4 b6
34. Qa8+ Kg7 35. Qb7+ Kh6 36. Qf7 Qe1+ 37. Kh3 Kg5 38. Qh5+ Kf4 39. Qf3+ Kg5 40.
Qxe3+ Kxf5 41. Bd3# 1-0

[Event "AUTO-MASTER-1334"]
[Site "http://www.queenalice.com/game.php?id=894128"]
[Date "2011.2.1"]
[Round "1"]
[White "carlos31"]
[Black "technicaldraw"]
[Result "0-1"]
[WhiteElo "1927"]
[BlackElo "1959"]

1. d4 d5 2. Nf3 Nf6 3. Nc3 g6 4. g3 Bg7 5. Bg2 O-O 6. Bg5 c6 7. Ne5 Nbd7 8. e4
Nxe5 9. dxe5 Nxe4 10. Nxe4 dxe4 11. Qxd8 Rxd8 12. Bxe7 Re8 13. Bf6 Bxf6 14. exf6
e3 15. fxe3 Rxe3+ 16. Kd2 Re6 17. Raf1 Rd6+ 18. Kc1 Bf5 19. Kb1 Rad8 20. h3 Rd2
21. Rxf5 Rd1+ 0-1

[Event "AUTO-MASTER-1334"]
[Site "http://www.queenalice.com/game.php?id=894135"]
[Date "2011.2.1"]
[Round "1"]
[White "carlos31"]
[Black "UKopra"]
[Result "1-0"]
[WhiteElo "1894"]
[BlackElo "1826"]

1. d4 Nf6 2. Bg5 Ne4 3. Nf3 Nxg5 4. Nxg5 e5 5. Nf3 e4 6. Ne5 d6 7. Nc4 d5 8. Ne3
f5 9. Nc3 c5 10. Ncxd5 Be6 11. c4 Nc6 12. dxc5 Bxc5 13. Qb3 b6 14. Rd1 O-O 15.
Nf4 Qe7 16. Ned5 Bxd5 17. Nxd5 Qg5 18. e3 Rab8 19. g3 a5 20. a3 Ne7 21. Bg2 Rfd8
22. O-O Rd6 23. h4 Qg4 24. Nxe7+ Kh8 25. Nd5 Rb7 26. Qa4 Kg8 27. Qe8# 1-0

[Event "AUTO-MASTER-1334"]
[Site "http://www.queenalice.com/game.php?id=894136"]
[Date "2011.2.1"]
[Round "1"]
[White "UKopra"]
[Black "carlos31"]
[Result "1-0"]
[WhiteElo "1811"]
[BlackElo "1901"]

1. d4 c5 2. d5 Nf6 3. c4 d6 4. Nc3 Nbd7 5. e4 Ne5 6. f4 Bg4 7. Qc2 Ng6 8. h3 Bd7
9. Nf3 e5 10. f5 Nf4 11. g3 N4h5 12. Be2 Nxg3 13. Rg1 Nxe2 14. Qxe2 Nh5 15. Nxe5
dxe5 16. Qxh5 Qb6 17. b3 O-O-O 18. Ba3 g6 19. fxg6 fxg6 20. Qxe5 Bd6 21. Qg7
Bxh3 22. Nb5 a6 23. Nxd6+ Qxd6 24. O-O-O Qf4+ 25. Rd2 Qe3 26. Rh1 g5 27. Bxc5
Qxc5 28. Rxh3 Qg1+ 29. Kb2 g4 30. Rxh7 Rxh7 31. Qxh7 g3 32. Qh3+ Kb8 33. Qg2
Qxg2 34. Rxg2 Rg8 35. e5 Kc7 36. e6 Kd6 37. Kc2 b5 38. Kd3 bxc4+ 39. bxc4 Ke5
40. Ke3 Rg4 41. Kf3 Rxc4 42. e7 Rc8 43. Re2+ Kxd5 44. e8=Q Rxe8 45. Rxe8 1-0

[Event "AUTO-MASTER-1340"]
[Site "http://www.queenalice.com/game.php?id=897135"]
[Date "2011.2.7"]
[Round "1"]
[White "kudabux"]
[Black "carlos31"]
[Result "1-0"]
[WhiteElo "2147"]
[BlackElo "1883"]

1. e4 e5 2. Nf3 Nc6 3. Bb5 Nd4 4. Nxd4 exd4 5. O-O Qg5 6. Be2 Bd6 7. d3 Qg6 8.
f4 h5 9. e5 Be7 10. f5 Qb6 11. Bxh5 d5 12. e6 Nh6 13. exf7+ Nxf7 14. Bxf7+ Kxf7
15. Qg4 Qf6 16. g3 c5 17. h4 Bd7 18. Bg5 Qd6 19. Bxe7 Qxe7 20. Qg6+ Kg8 21. f6
Qf7 22. Qxf7+ Kxf7 23. fxg7+ Kxg7 24. Nd2 Raf8 25. Rxf8 Rxf8 26. Rf1 Bg4 27.
Rxf8 Kxf8 28. Kf2 Bd1 29. c3 dxc3 30. bxc3 b5 31. Ke1 Bh5 32. Nb3 c4 33. dxc4
dxc4 34. Nd4 a6 35. Ne6+ Kf7 36. Nc7 Kf6 37. Kf2 Ke5 38. Ke3 Bg4 39. Nxa6 Bd7
40. Nb4 Kf5 41. Kf3 Bc8 42. g4+ Ke5 43. Nc6+ Kf6 44. Kf4 Bb7 45. Nd4 Ba6 46. h5
b4 47. g5+ Ke7 48. Nc6+ 1-0

[Event "AUTO-MASTER-1340"]
[Site "http://www.queenalice.com/game.php?id=897136"]
[Date "2011.2.7"]
[Round "1"]
[White "carlos31"]
[Black "kudabux"]
[Result "0-1"]
[WhiteElo "1890"]
[BlackElo "2119"]

1. d4 e6 2. e4 d5 3. e5 c5 4. Nf3 Nc6 5. Bb5 Bd7 6. O-O Nxe5 7. Bxd7+ Nxd7 8.
Re1 Ngf6 9. Bg5 Be7 10. c4 O-O 11. Nc3 dxc4 12. d5 exd5 13. Nxd5 Nxd5 14. Qxd5
Bxg5 15. Nxg5 Nf6 16. Qxc4 Qd5 17. Qc1 h6 18. Nf3 Rae8 19. b3 Rxe1+ 20. Qxe1 Re8
21. Qd1 Qxd1+ 22. Rxd1 Re2 23. Rd2 Rxd2 24. Nxd2 Kf8 25. f3 Ke7 26. Kf2 Kd6 27.
Ne4+ Nxe4+ 28. fxe4 Ke5 29. Ke3 b5 30. a4 bxa4 31. bxa4 c4 32. a5 a6 33. g3 h5
34. h3 g5 35. g4 h4 36. Kf3 Kd4 37. e5 Kxe5 38. Ke3 Kd5 39. Ke2 Kd4 40. Kd2 c3+
41. Kc2 Kc4 0-1

[Event "AUTO-MASTER-1340"]
[Site "http://www.queenalice.com/game.php?id=897147"]
[Date "2011.2.7"]
[Round "1"]
[White "danbots5k"]
[Black "carlos31"]
[Result "1-0"]
[WhiteElo "2169"]
[BlackElo "1885"]

1. Nf3 Nc6 2. e4 e5 3. Bb5 d6 4. O-O Nf6 5. Re1 Bd7 6. c3 a6 7. Bc4 Bg4 8. d3 d5
9. exd5 Nxd5 10. Nbd2 f5 11. Nxe5 Bxd1 12. Nxc6+ Qe7 13. Nxe7 Nxe7 14. Rxd1 Kd7
15. Nf3 Nc6 16. Bf4 Bd6 17. Bxd6 cxd6 18. d4 b5 19. Be6+ Kxe6 20. d5+ Kd7 21.
dxc6+ Kxc6 22. Nd4+ Kd7 23. Nxf5 1-0

[Event "AUTO-MASTER-1340"]
[Site "http://www.queenalice.com/game.php?id=897148"]
[Date "2011.2.7"]
[Round "1"]
[White "carlos31"]
[Black "danbots5k"]
[Result "0-1"]
[WhiteElo "1895"]
[BlackElo "2172"]

1. d4 f5 2. Bf4 Nf6 3. Nf3 e6 4. Nc3 Be7 5. Nb5 Na6 6. e3 O-O 7. h4 d6 8. Bd3 c6
9. Na3 Nc7 10. c4 Ng4 11. Ng5 e5 12. dxe5 dxe5 13. Bg3 Bb4+ 14. Ke2 h6 15. Nf3
e4 16. Ne5 exd3+ 17. Nxd3 Bxa3 18. bxa3 Ne6 19. f3 Nxe3 20. Kxe3 f4+ 21. Nxf4
Qb6+ 22. Ke4 Nxf4 23. Bxf4 Bf5+ 24. Ke5 Rae8+ 25. Kd6 Rf6# 0-1

[Event "AUTO-MASTER-1340"]
[Site "http://www.queenalice.com/game.php?id=897155"]
[Date "2011.2.7"]
[Round "1"]
[White "carlos31"]
[Black "rodriguesr"]
[Result "0-1"]
[WhiteElo "1881"]
[BlackElo "2190"]

1. d4 Nf6 2. Bg5 e6 3. e4 Be7 4. Nc3 d6 5. Nf3 O-O 6. e5 dxe5 7. dxe5 Nd5 8.
Nxd5 Bxg5 9. Nxg5 exd5 10. f4 h6 11. Nf3 Bf5 12. Nd4 Be4 13. Qd2 a6 14. Bd3 Bxd3
15. cxd3 c5 16. Nf5 Nc6 17. Nd6 Qe7 18. O-O f6 19. Rae1 fxe5 20. fxe5 Rxf1+ 21.
Rxf1 Qxe5 22. Nxb7 Rb8 23. Re1 Qd4+ 24. Kh1 Rxb7 25. Qe2 Re7 26. Qf1 Rxe1 27.
Qxe1 Ne5 0-1

[Event "AUTO-MASTER-1340"]
[Site "http://www.queenalice.com/game.php?id=897156"]
[Date "2011.2.7"]
[Round "1"]
[White "rodriguesr"]
[Black "carlos31"]
[Result "1-0"]
[WhiteElo "2186"]
[BlackElo "1906"]

1. d4 Nf6 2. c4 c5 3. d5 g6 4. Nc3 Bg7 5. e4 d6 6. h3 O-O 7. Nf3 Nbd7 8. Bd3 a6
9. O-O e6 10. Re1 exd5 11. exd5 Nh5 12. Qc2 Re8 13. Bd2 Ne5 14. Nxe5 Bxe5 15. a3
Bd4 16. Ne2 Qf6 17. Nxd4 Rxe1+ 18. Rxe1 Qxd4 19. Re8+ Kg7 20. Bc3 Qxc3 21. Qxc3+
Nf6 22. g4 g5 23. Re3 Bd7 24. Rf3 1-0

[Event "Challenge"]
[Site "http://www.queenalice.com/game.php?id=926653"]
[Date "2011.4.16"]
[Round "-"]
[White "Canaye"]
[Black "carlos31"]
[Result "1-0"]
[WhiteElo "1929"]
[BlackElo "1885"]

1. d4 c5 2. dxc5 Nc6 3. c4 e5 4. Nc3 Bxc5 5. e4 Nf6 6. Nf3 O-O 7. Bg5 Re8 8. a3
Qb6 9. Qe2 Nd4 10. Bxf6 Nxe2 11. Nd5 Bxf2+ 12. Kxe2 Qxb2+ 13. Nd2 1-0

[Event "Challenge"]
[Site "http://www.queenalice.com/game.php?id=936473"]
[Date "2011.5.10"]
[Round "-"]
[White "Ronsini"]
[Black "carlos31"]
[Result "1-0"]
[WhiteElo "1954"]
[BlackElo "1843"]

1. Nc3 Nf6 2. e4 e5 3. Nf3 Bb4 4. Bc4 c6 5. Nxe5 d5 6. exd5 cxd5 7. Bb5+ Bd7 8.
Nxd7 Nbxd7 9. O-O O-O 10. d3 Bxc3 11. bxc3 1-0